[Event "Open Marianske Lazne 2015 - B2 - mistro"]
[Site "Marianske Lazne CZE"]
[Date "2015.01.18"]
[Round "2.2"]
[White "Menezes, Christoph"]
[Black "Asadli, Vugar"]
[Result "0-1"]
[WhiteElo "2296"]
[BlackElo "2127"]
[PlyCount "56"]
[EventDate "2015.01.17"]
[EventType "tourn"]
[EventRounds "9"]
[EventCountry "CZE"]
[EventCategory "1"]
[Source "lmi"]
[SourceDate "2015.01.17"]

1. d4 g6 2. c4 Bg7 3. Nf3 d6 4. e4 Bg4 5. Be2 Nc6 6. Be3 e5 7. d5 Bxf3 8. Bxf3
Nd4 9. Bxd4 exd4 10. Nd2 Ne7 11. O-O c5 12. Be2 O-O 13. Bd3 g5 14. g3 Ng6 15.
Qe2 Qd7 16. f3 Rae8 17. Qd1 Ne5 18. Qc2 f5 19. Nb3 f4 20. g4 Rf6 21. Qe2 Rh6
22. Kg2 Rf8 23. Nd2 Rh4 24. Rf2 Rf6 25. Rh1 h5 26. h3 Rh6 27. Rff1 Bf6 28. Rfg1
Qh7 0-1

[Event "Open Marianske Lazne 2015 - B2 - mistro"]
[Site "Marianske Lazne CZE"]
[Date "2015.01.18"]
[Round "2.3"]
[White "Burnett, Andrew"]
[Black "Kulkarni, Bhakti"]
[Result "0-1"]
[WhiteElo "2274"]
[BlackElo "2292"]
[PlyCount "84"]
[EventDate "2015.01.17"]
[EventType "tourn"]
[EventRounds "9"]
[EventCountry "CZE"]
[EventCategory "1"]
[Source "lmi"]
[SourceDate "2015.01.17"]

1. d4 e6 2. c4 f5 3. Nc3 Nf6 4. Qc2 d5 5. g3 c6 6. Bg2 dxc4 7. Nf3 Be7 8. O-O
O-O 9. e4 Bb4 10. Bg5 h6 11. Bxf6 Qxf6 12. Rad1 Nd7 13. exf5 exf5 14. d5 c5 15.
Nb5 Nb6 16. a3 Ba5 17. Nc7 Rb8 18. Qe2 Bd7 19. Ne5 Ba4 20. Rc1 Bb3 21. f4 Qd6
22. Ne6 Rf6 23. g4 Nxd5 24. gxf5 Rxf5 25. Ng4 Nf6 26. Rcd1 Qe7 27. Nxf6+ Rxf6
28. f5 Bxd1 29. Qxd1 Kh7 30. Qh5 c3 31. Re1 cxb2 32. Ng5+ Kh8 33. Rxe7 b1=Q+
34. Bf1 Qxf5 35. Nf7+ Kg8 36. Qxf5 Rxf5 37. Bc4 Kf8 38. Rd7 b5 39. Be6 Rf6 40.
Bd5 c4 41. Ne5 Re8 42. Ng6+ Rxg6+ 0-1

[Event "Open Marianske Lazne 2015 - B2 - mistro"]
[Site "Marianske Lazne CZE"]
[Date "2015.01.18"]
[Round "2.4"]
[White "Nayhebaver, Martin"]
[Black "Piotrowski, Przemyslaw"]
[Result "0-1"]
[WhiteElo "2338"]
[BlackElo "2191"]
[PlyCount "108"]
[EventDate "2015.01.17"]
[EventType "tourn"]
[EventRounds "9"]
[EventCountry "CZE"]
[EventCategory "1"]
[Source "lmi"]
[SourceDate "2015.01.17"]

1. e4 c5 2. Nf3 d6 3. d4 cxd4 4. Nxd4 Nf6 5. Nc3 Nc6 6. Be2 e5 7. Nf3 h6 8. O-O
Be7 9. Re1 Be6 10. Bf1 O-O 11. h3 Nh7 12. Nd5 Ng5 13. Nxe7+ Qxe7 14. Nxg5 hxg5
15. Be3 Rfd8 16. c4 Rac8 17. Rc1 b6 18. Be2 g6 19. Qd2 f6 20. Red1 Rd7 21. Rc3
Na5 22. b3 Nb7 23. Bg4 Nc5 24. Bxe6+ Nxe6 25. Qd5 Qf7 26. b4 Nf4 27. Qxf7+ Kxf7
28. Kf1 Ke6 29. Rdc1 Rdc7 30. a4 f5 31. exf5+ gxf5 32. f3 Ke7 33. Bd2 d5 34.
cxd5 Rxc3 35. Rxc3 Rxc3 36. Bxc3 Kd6 37. g4 fxg4 38. hxg4 Kxd5 39. Kf2 Kc4 40.
Bd2 Kd3 41. Ke1 a6 42. Kd1 b5 43. axb5 axb5 44. Bc1 Nh3 45. Ke1 Kc2 46. Be3 Kd3
47. Bc1 e4 48. fxe4 Kxe4 49. Kd2 Kf3 50. Kc3 Nf4 51. Bd2 Kxg4 52. Kd4 Kf3 53.
Ke5 Nh3 54. Be1 Nf2 0-1

[Event "Open Marianske Lazne 2015 - B2 - mistro"]
[Site "Marianske Lazne CZE"]
[Date "2015.01.18"]
[Round "2.5"]
[White "Paramzina, Anastasia"]
[Black "Grishchenko, Sergey"]
[Result "1/2-1/2"]
[WhiteElo "2083"]
[BlackElo "2417"]
[PlyCount "102"]
[EventDate "2015.01.17"]
[EventType "tourn"]
[EventRounds "9"]
[EventCountry "CZE"]
[EventCategory "1"]
[Source "lmi"]
[SourceDate "2015.01.17"]

1. e4 c6 2. d4 d5 3. Nc3 dxe4 4. Nxe4 Nf6 5. Nxf6+ gxf6 6. g3 Qd5 7. Nf3 Bf5 8.
c3 Nd7 9. Bg2 Qc4 10. Be3 Nb6 11. Qb3 Be4 12. O-O-O Qd5 13. Qxd5 cxd5 14. b3 h5
15. Nh4 Bxg2 16. Nxg2 e6 17. Kb2 Be7 18. a4 Rc8 19. Bf4 Rc6 20. h3 f5 21. f3
Rg8 22. Ne3 Bg5 23. Bxg5 Rxg5 24. Rdg1 Ke7 25. h4 Rg7 26. g4 fxg4 27. fxg4 Rc8
28. g5 Rcg8 29. Ng2 Nd7 30. Nf4 Rh8 31. Rg2 Nf8 32. Re1 Ng6 33. Nxg6+ Rxg6 34.
Re5 Kd6 35. Rf2 Ke7 36. c4 dxc4 37. bxc4 Rc8 38. Kc3 Rc7 39. a5 b6 40. Rb2 f6
41. gxf6+ Kxf6 42. axb6 Rg3+ 43. Kb4 axb6 44. Rf2+ Kg7 45. Rxh5 Rd3 46. Rg5+
Kh7 47. Rf4 Rd1 48. Rg3 Rb1+ 49. Rb3 Rc1 50. d5 exd5 51. cxd5 Rd1 1/2-1/2

[Event "Open Marianske Lazne 2015 - B2 - mistro"]
[Site "Marianske Lazne CZE"]
[Date "2015.01.19"]
[Round "3.1"]
[White "Grishchenko, Sergey"]
[Black "Varitski, Igor"]
[Result "1-0"]
[WhiteElo "2417"]
[BlackElo "2225"]
[PlyCount "59"]
[EventDate "2015.01.17"]
[EventType "tourn"]
[EventRounds "9"]
[EventCountry "CZE"]
[EventCategory "1"]
[Source "lmi"]
[SourceDate "2015.01.17"]

1. d4 e6 2. c4 f5 3. Nc3 Nf6 4. f3 Bb4 5. e3 b6 6. Bd3 Bb7 7. Nge2 O-O 8. O-O
Nc6 9. a3 Be7 10. b4 a6 11. Bb2 g6 12. Bc2 Qe8 13. e4 fxe4 14. fxe4 d6 15. Qd3
e5 16. Nd5 Bd8 17. b5 Nb8 18. dxe5 dxe5 19. Nxf6+ Bxf6 20. Rad1 Qe7 21. a4 Rd8
22. Qxd8+ Qxd8 23. Rxd8+ Bxd8 24. c5 bxc5 25. Bb3+ Kg7 26. Rf7+ Kh6 27. b6 Bxe4
28. bxc7 Nc6 29. Rf8 Bxc7 30. Bc1+ 1-0

[Event "Open Marianske Lazne 2015 - B2 - mistro"]
[Site "Marianske Lazne CZE"]
[Date "2015.01.19"]
[Round "3.2"]
[White "Piotrowski, Przemyslaw"]
[Black "Paramzina, Anastasia"]
[Result "0-1"]
[WhiteElo "2191"]
[BlackElo "2083"]
[PlyCount "90"]
[EventDate "2015.01.17"]
[EventType "tourn"]
[EventRounds "9"]
[EventCountry "CZE"]
[EventCategory "1"]
[Source "lmi"]
[SourceDate "2015.01.17"]

1. d4 d5 2. g3 Nf6 3. Bg2 Bf5 4. Nf3 h6 5. O-O e6 6. c4 c6 7. Nc3 Be7 8. b3 O-O
9. Bb2 Nbd7 10. Ne5 Bd6 11. f4 Ne4 12. Nxe4 Bxe4 13. Bxe4 dxe4 14. e3 Nf6 15.
Qe2 h5 16. Rad1 Qa5 17. a3 Qc7 18. h3 Qe7 19. g4 g6 20. g5 Ne8 21. Qc2 Ng7 22.
Qxe4 Bxa3 23. Bxa3 Qxa3 24. Nd7 Rfd8 25. Nf6+ Kh8 26. Qd3 a5 27. Ra1 Qe7 28.
Qc3 c5 29. d5 b5 30. e4 exd5 31. cxd5 c4 32. bxc4 Qc5+ 33. Kh1 a4 34. Rfb1 bxc4
35. Rb7 Rf8 36. Nd7 Qc8 37. Qb4 Rd8 38. Ne5 Qxh3+ 39. Kg1 Qe3+ 40. Kg2 Qxe4+
41. Kh3 Qe3+ 42. Kg2 Rxd5 43. Ra2 Qe4+ 44. Nf3 Rd3 45. Rf2 Qxf4 0-1

[Event "Open Marianske Lazne 2015 - B2 - mistro"]
[Site "Marianske Lazne CZE"]
[Date "2015.01.19"]
[Round "3.3"]
[White "Kulkarni, Bhakti"]
[Black "Nayhebaver, Martin"]
[Result "1-0"]
[WhiteElo "2292"]
[BlackElo "2338"]
[PlyCount "89"]
[EventDate "2015.01.17"]
[EventType "tourn"]
[EventRounds "9"]
[EventCountry "CZE"]
[EventCategory "1"]
[Source "lmi"]
[SourceDate "2015.01.17"]

1. d4 Nf6 2. c4 e6 3. Nc3 Bb4 4. e3 b6 5. Bd3 Bb7 6. f3 O-O 7. Nge2 d5 8. O-O
c5 9. a3 cxd4 10. Nb5 Be7 11. Nbxd4 Nbd7 12. cxd5 Bxd5 13. Bb5 Ne5 14. e4 Bc4
15. Bxc4 Nxc4 16. b3 Na5 17. b4 Nc4 18. Nc6 Qc7 19. Nxe7+ Qxe7 20. Qb3 Rac8 21.
Bf4 Rfd8 22. Rfd1 Nd7 23. Rac1 b5 24. Nc3 a6 25. a4 Qf6 26. Bg3 Qg5 27. axb5 h5
28. bxa6 h4 29. Ne2 Nd2 30. Qa2 Qe3+ 31. Kh1 Qxe2 32. Bxh4 Nf6 33. Bg5 Rc6 34.
a7 Ra6 35. Qb2 Rad6 36. e5 Rd5 37. Rxd2 Rxd2 38. Bxd2 Nd5 39. Qd4 g6 40. Ra1
Ra8 41. Bg5 Qb5 42. Bf6 Qxb4 43. Qxb4 Nxb4 44. Be7 Nd3 45. Bd6 1-0

[Event "Open Marianske Lazne 2015 - B2 - mistro"]
[Site "Marianske Lazne CZE"]
[Date "2015.01.19"]
[Round "3.4"]
[White "Asadli, Vugar"]
[Black "Burnett, Andrew"]
[Result "0-1"]
[WhiteElo "2127"]
[BlackElo "2274"]
[PlyCount "64"]
[EventDate "2015.01.17"]
[EventType "tourn"]
[EventRounds "9"]
[EventCountry "CZE"]
[EventCategory "1"]
[Source "lmi"]
[SourceDate "2015.01.17"]

1. e4 c5 2. Nc3 Nc6 3. f4 e6 4. Nf3 a6 5. g3 d5 6. d3 Nf6 7. Bg2 b5 8. O-O Be7
9. Ne5 Bb7 10. exd5 exd5 11. Ng4 Nd4 12. Nxf6+ Bxf6 13. Re1+ Kf8 14. Ne2 h5 15.
h3 Qc7 16. c3 Nf5 17. d4 Re8 18. Qd3 g6 19. Bd2 Re4 20. Kh2 c4 21. Qf3 Qe7 22.
Qf2 Nh6 23. Bxe4 dxe4 24. d5 Qd6 25. Be3 Qxd5 26. Rad1 Qe6 27. Rd6 Ng4+ 28.
hxg4 hxg4+ 29. Kg1 Qxd6 30. Bc5 Rh1+ 31. Kxh1 e3+ 32. Kh2 Qxc5 0-1

[Event "Open Marianske Lazne 2015 - B2 - mistro"]
[Site "Marianske Lazne CZE"]
[Date "2015.01.19"]
[Round "3.5"]
[White "Biolek-Sen., Richard"]
[Black "Menezes, Christoph"]
[Result "1-0"]
[WhiteElo "2424"]
[BlackElo "2296"]
[PlyCount "53"]
[EventDate "2015.01.17"]
[EventType "tourn"]
[EventRounds "9"]
[EventCountry "CZE"]
[EventCategory "1"]
[Source "lmi"]
[SourceDate "2015.01.17"]

1. d4 Nf6 2. c4 e6 3. g3 d5 4. Nf3 dxc4 5. Bg2 c6 6. a4 c5 7. O-O Bd7 8. Nbd2
Bc6 9. Nxc4 Bd5 10. Ne3 Be4 11. dxc5 Bxc5 12. Qxd8+ Kxd8 13. Bd2 Nc6 14. Rac1
Nd7 15. Rfd1 a5 16. Nc4 Ke7 17. Bf4 Bxf3 18. Bxf3 Nd4 19. Bd6+ Bxd6 20. Rxd4
Bb4 21. Bxb7 Rad8 22. Bf3 f6 23. Kg2 e5 24. Rd5 Nb8 25. Rb5 Rc8 26. Rb7+ Ke6
27. Bd5+ 1-0

[Event "Open Marianske Lazne 2015 - B2 - mistro"]
[Site "Marianske Lazne CZE"]
[Date "2015.01.20"]
[Round "4.1"]
[White "Varitski, Igor"]
[Black "Menezes, Christoph"]
[Result "1/2-1/2"]
[WhiteElo "2225"]
[BlackElo "2296"]
[PlyCount "117"]
[EventDate "2015.01.17"]
[EventType "tourn"]
[EventRounds "9"]
[EventCountry "CZE"]
[EventCategory "1"]
[Source "lmi"]
[SourceDate "2015.01.17"]

1. e4 d6 2. d4 Nf6 3. Nc3 Nbd7 4. Be3 e5 5. g3 Be7 6. Bg2 c6 7. a4 b6 8. h3 h5
9. Nge2 a6 10. Qd2 Bb7 11. f4 b5 12. d5 O-O 13. axb5 axb5 14. O-O Rxa1 15. Rxa1
b4 16. dxc6 Bxc6 17. Nd5 Bxd5 18. exd5 Nb6 19. Qd3 Qc7 20. Qb5 Rb8 21. Qc6 Qd8
22. Ra7 Nbd7 23. Rc7 h4 24. Ba7 Ra8 25. g4 exf4 26. g5 Ne5 27. Qb7 Nfd7 28.
Nxf4 Bxg5 29. Nd3 Rxa7 30. Qxa7 Be3+ 31. Qxe3 Qxc7 32. Nxb4 Qa5 33. Qe1 Qc5+
34. Kh1 Qd4 35. Nc6 Qxb2 36. Qxh4 Nf6 37. Nxe5 Qxe5 38. c4 g5 39. Qf2 Nd7 40.
Qd2 Kg7 41. Kg1 Kg6 42. Kf2 Nc5 43. Qc2+ f5 44. Qd2 Qb2 45. Qxb2 Nd3+ 46. Ke3
Nxb2 47. Kd4 Na4 48. Bf3 Nc5 49. Be2 Kf6 50. Bf3 Ke7 51. Bd1 Kd7 52. Ke3 Ke7
53. Kd4 f4 54. Bh5 Kd7 55. Bg6 Kc7 56. Kc3 Kb6 57. Bf5 Ka5 58. Bc2 f3 59. Kd2
1/2-1/2

[Event "Open Marianske Lazne 2015 - B2 - mistro"]
[Site "Marianske Lazne CZE"]
[Date "2015.01.20"]
[Round "4.2"]
[White "Burnett, Andrew"]
[Black "Biolek-Sen., Richard"]
[Result "0-1"]
[WhiteElo "2274"]
[BlackElo "2424"]
[PlyCount "36"]
[EventDate "2015.01.17"]
[EventType "tourn"]
[EventRounds "9"]
[EventCountry "CZE"]
[EventCategory "1"]
[Source "lmi"]
[SourceDate "2015.01.17"]

1. d4 Nf6 2. c4 g6 3. Nc3 d5 4. h4 c5 5. dxc5 d4 6. Nb5 e5 7. Bg5 Bxc5 8. a3
Nc6 9. Bxf6 Qxf6 10. Nc7+ Kf8 11. Nxa8 e4 12. Qc1 d3 13. e3 Nb4 14. Qc3 Nc2+
15. Kd1 Qxc3 16. bxc3 Nxa1 17. f3 f5 18. Nc7 Nc2 0-1

[Event "Open Marianske Lazne 2015 - B2 - mistro"]
[Site "Marianske Lazne CZE"]
[Date "2015.01.20"]
[Round "4.3"]
[White "Nayhebaver, Martin"]
[Black "Asadli, Vugar"]
[Result "1/2-1/2"]
[WhiteElo "2338"]
[BlackElo "2127"]
[PlyCount "96"]
[EventDate "2015.01.17"]
[EventType "tourn"]
[EventRounds "9"]
[EventCountry "CZE"]
[EventCategory "1"]
[Source "lmi"]
[SourceDate "2015.01.17"]

1. e4 c5 2. Nf3 e6 3. d4 cxd4 4. Nxd4 Nf6 5. Nc3 Qc7 6. Be2 a6 7. O-O d6 8. f4
Be7 9. Be3 b5 10. a3 Bb7 11. Bf3 Nbd7 12. Qe2 O-O 13. Rad1 Rfe8 14. g4 Nb6 15.
g5 Nfd7 16. Bc1 Bf8 17. Qg2 Nc4 18. Nce2 e5 19. Nf5 exf4 20. Nxf4 Nde5 21. Nd5
Bxd5 22. exd5 g6 23. Nd4 Bg7 24. Be4 Nd7 25. b4 Qa7 26. c3 f5 27. gxf6 Nxf6 28.
Bd3 Nb6 29. Bb1 Kh8 30. Ba2 Ne4 31. Nc6 Qd7 32. Bb3 Nxc3 33. Rde1 Nc4 34. Bxc4
bxc4 35. Bd2 Nb5 36. a4 Nd4 37. Bc3 Nf5 38. Qd2 Kg8 39. Kh1 Qf7 40. Bxg7 Qxg7
41. Re6 Rxe6 42. dxe6 Qb7 43. Qd5 Rc8 44. e7+ Kg7 45. b5 axb5 46. axb5 c3 47.
Qc4 Qxe7 48. Qxc3+ Qf6 1/2-1/2

[Event "Open Marianske Lazne 2015 - B2 - mistro"]
[Site "Marianske Lazne CZE"]
[Date "2015.01.20"]
[Round "4.4"]
[White "Paramzina, Anastasia"]
[Black "Kulkarni, Bhakti"]
[Result "1-0"]
[WhiteElo "2083"]
[BlackElo "2292"]
[PlyCount "111"]
[EventDate "2015.01.17"]
[EventType "tourn"]
[EventRounds "9"]
[EventCountry "CZE"]
[EventCategory "1"]
[Source "lmi"]
[SourceDate "2015.01.17"]

1. e4 e6 2. d4 d5 3. Nc3 Nf6 4. Bg5 Be7 5. e5 Nfd7 6. h4 c5 7. Bxe7 Kxe7 8.
dxc5 Nxe5 9. Qe2 Nbc6 10. O-O-O Kf8 11. h5 Qa5 12. h6 g6 13. Qe3 Nd7 14. f4
Qxc5 15. Qe1 Nf6 16. Qh4 Qe7 17. Bd3 Bd7 18. Nf3 Ke8 19. g4 Kd8 20. Rhe1 Kc8
21. g5 Nh5 22. Nxd5 Qc5 23. Nc3 Rd8 24. Ne4 Qd5 25. c4 Qa5 26. a3 Qc7 27. Bc2
Be8 28. Rxd8+ Kxd8 29. Nf6 Nxf4 30. Nxh7 Ng2 31. Rd1+ Ke7 32. Qf2 Qf4+ 33. Kb1
Ne3 34. Rd3 Ne5 35. Qxe3 Nxd3 36. Qxd3 Bc6 37. Nd4 Rh8 38. Nxc6+ bxc6 39. Nf6
Qxg5 40. Ne4 Qe5 41. Qe3 c5 42. b4 f6 43. bxc5 g5 44. c6 Qa5 45. Ka2 Qb6 46.
Qd2 Rd8 47. Qc3 e5 48. Ba4 Rb8 49. Qc2 Rh8 50. c5 Qa5 51. Nd6 g4 52. Qb2 Qc7
53. Qb3 Kf8 54. Qb7 Qxb7 55. cxb7 Ke7 56. Nc8+ 1-0

[Event "Open Marianske Lazne 2015 - B2 - mistro"]
[Site "Marianske Lazne CZE"]
[Date "2015.01.20"]
[Round "4.5"]
[White "Grishchenko, Sergey"]
[Black "Piotrowski, Przemyslaw"]
[Result "1-0"]
[WhiteElo "2417"]
[BlackElo "2191"]
[PlyCount "117"]
[EventDate "2015.01.17"]
[EventType "tourn"]
[EventRounds "9"]
[EventCountry "CZE"]
[EventCategory "1"]
[Source "lmi"]
[SourceDate "2015.01.17"]

1. d4 Nf6 2. c4 g6 3. Nc3 Bg7 4. e4 d6 5. h3 O-O 6. Be3 e5 7. d5 a5 8. g4 Na6
9. Bd3 b6 10. Nge2 Nd7 11. Ng3 Ndc5 12. Be2 Qh4 13. Qd2 h6 14. O-O-O a4 15. Nb5
Bd7 16. Rdg1 Rfd8 17. f3 c6 18. dxc6 Bxc6 19. g5 h5 20. Bd1 Bxb5 21. cxb5 Nc7
22. Bc2 d5 23. Bf2 d4 24. Nf5 Qf4 25. Nxg7 Qxd2+ 26. Kxd2 Kxg7 27. Bg3 Re8 28.
Bd3 Ra5 29. f4 Nxb5 30. fxe5 Nd7 31. Rf1 Nxe5 32. Rf6 Nxd3 33. Kxd3 Na7 34.
Rhf1 Re7 35. Bf2 Rxg5 36. Bxd4 Kg8 37. Rxb6 Rg3+ 38. Kc4 Rc7+ 39. Kd5 Nc8 40.
Rb8 Rd3 41. e5 Rd7+ 42. Kc6 Rd8 43. Kc5 R3xd4 44. Rxc8 R4d5+ 45. Kc4 Rxc8+ 46.
Kxd5 Rc2 47. Rf4 a3 48. bxa3 Rxa2 49. a4 Kf8 50. e6 Rd2+ 51. Kc5 f5 52. Rd4 Rf2
53. Kd6 g5 54. Kd7 Re2 55. a5 f4 56. Rd5 Kg7 57. e7 Kf7 58. Rf5+ Kg6 59. Rf8
1-0

[Event "Open Marianske Lazne 2015 - B2 - mistro"]
[Site "Marianske Lazne CZE"]
[Date "2015.01.20"]
[Round "5.1"]
[White "Piotrowski, Przemyslaw"]
[Black "Varitski, Igor"]
[Result "1/2-1/2"]
[WhiteElo "2191"]
[BlackElo "2225"]
[PlyCount "64"]
[EventDate "2015.01.17"]
[EventType "tourn"]
[EventRounds "9"]
[EventCountry "CZE"]
[EventCategory "1"]
[Source "lmi"]
[SourceDate "2015.01.17"]

1. e4 c6 2. d4 d5 3. exd5 cxd5 4. c4 Nf6 5. Nc3 e6 6. Nf3 Bb4 7. Bd3 dxc4 8.
Bxc4 Qc7 9. Qd3 Bxc3+ 10. bxc3 O-O 11. O-O Nbd7 12. Ba3 Rd8 13. Be7 Re8 14.
Bxf6 Nxf6 15. Ne5 Bd7 16. Rae1 Bc6 17. f4 Bd5 18. Bb5 Bc6 19. Bxc6 bxc6 20. f5
Rad8 21. Qc4 Rd6 22. Rf3 exf5 23. Rxf5 Ree6 24. Ref1 h6 25. h3 Qb6 26. Qd3 Qc7
27. Qf3 Qd8 28. Qg3 Rd5 29. Ng4 Ne4 30. Qf4 Nxc3 31. Rxd5 Qxd5 32. Qxf7+ Kh7
1/2-1/2

[Event "Open Marianske Lazne 2015 - B2 - mistro"]
[Site "Marianske Lazne CZE"]
[Date "2015.01.20"]
[Round "5.3"]
[White "Asadli, Vugar"]
[Black "Paramzina, Anastasia"]
[Result "1/2-1/2"]
[WhiteElo "2127"]
[BlackElo "2083"]
[PlyCount "77"]
[EventDate "2015.01.17"]
[EventType "tourn"]
[EventRounds "9"]
[EventCountry "CZE"]
[EventCategory "1"]
[Source "lmi"]
[SourceDate "2015.01.17"]

1. e4 c5 2. Nc3 d6 3. d4 cxd4 4. Qxd4 Nf6 5. Bg5 Nc6 6. Bb5 Bd7 7. Bxc6 Bxc6 8.
O-O-O e6 9. f4 Be7 10. Nf3 O-O 11. Qd3 a6 12. Nd4 Qc7 13. Kb1 Rfd8 14. f5 Nxe4
15. Nxe4 Bxe4 16. Qxe4 Bxg5 17. fxe6 d5 18. Qg4 Bf6 19. Rhf1 Kh8 20. exf7 Qxf7
21. Ne6 Re8 22. Nf4 Re5 23. h4 Rd8 24. Qh3 Qe7 25. g4 Re3 26. Qg2 Qe5 27. c3
Re4 28. Nd3 Qe6 29. g5 Be7 30. Ka1 Rxh4 31. Nf4 Qg4 32. Qf2 Rf8 33. Qe3 Qxg5
34. Ng6+ hxg6 35. Rxf8+ Kh7 36. Qxg5 Bxg5 37. Rff1 Be3 38. Rxd5 g5 39. Re5
1/2-1/2

[Event "Open Marianske Lazne 2015 - B2 - mistro"]
[Site "Marianske Lazne CZE"]
[Date "2015.01.20"]
[Round "5.4"]
[White "Menezes, Christoph"]
[Black "Burnett, Andrew"]
[Result "1/2-1/2"]
[WhiteElo "2296"]
[BlackElo "2274"]
[PlyCount "98"]
[EventDate "2015.01.17"]
[EventType "tourn"]
[EventRounds "9"]
[EventCountry "CZE"]
[EventCategory "1"]
[Source "lmi"]
[SourceDate "2015.01.17"]

1. Nf3 Nf6 2. c4 g6 3. Nc3 Bg7 4. d4 d6 5. e4 O-O 6. Be2 Bg4 7. Be3 Nfd7 8. Qd2
e5 9. d5 a5 10. h3 Bxf3 11. Bxf3 f5 12. exf5 gxf5 13. Bg5 Qe8 14. g4 e4 15. Be2
a4 16. Nb5 a3 17. Nxc7 axb2 18. Rb1 Qg6 19. Nxa8 f4 20. Bh4 f3 21. Nc7 e3 22.
Qd3 exf2+ 23. Bxf2 Bc3+ 24. Kd1 fxe2+ 25. Kc2 Ba5 26. Qxg6+ hxg6 27. Bd4 Bxc7
28. Rxb2 Ba5 29. Bc3 Rf1 30. Rb1 Rf2 31. Rhe1 Bxc3 32. Kxc3 Ne5 33. Kd2 Nxc4+
34. Kd3 Ne5+ 35. Ke3 Rf3+ 36. Kxe2 Rxh3 37. Rxb7 Nbd7 38. Ra1 Rh2+ 39. Ke3 g5
40. a4 Nxg4+ 41. Kf3 Nde5+ 42. Ke4 Rf2 43. Kd4 Rf4+ 44. Kc3 Ne3 45. a5 Nxd5+
46. Kb3 Rf3+ 47. Kc2 Rf2+ 48. Kb3 Rf3+ 49. Kc2 Rf2+ 1/2-1/2

[Event "Open Marianske Lazne 2015 - B2 - mistro"]
[Site "Marianske Lazne CZE"]
[Date "2015.01.20"]
[Round "5.5"]
[White "Biolek-Sen., Richard"]
[Black "Nayhebaver, Martin"]
[Result "1-0"]
[WhiteElo "2424"]
[BlackElo "2338"]
[PlyCount "57"]
[EventDate "2015.01.17"]
[EventType "tourn"]
[EventRounds "9"]
[EventCountry "CZE"]
[EventCategory "1"]
[Source "lmi"]
[SourceDate "2015.01.17"]

1. d4 Nf6 2. c4 e6 3. Nc3 Bb4 4. e3 b6 5. Nge2 Bb7 6. a3 Bd6 7. Ng3 h5 8. Bd3
Bxg2 9. Rg1 Bb7 10. e4 h4 11. Nf1 Nh5 12. e5 Be7 13. d5 a5 14. Be2 g6 15. Bxh5
gxh5 16. Qf3 d6 17. Rg7 Rf8 18. Qxh5 Qd7 19. Bh6 exd5 20. cxd5 dxe5 21. Rh7 Na6
22. Bxf8 Bxf8 23. Qxe5+ Qe7 24. Qxe7+ Bxe7 25. O-O-O Nc5 26. Ne3 Bf6 27. Nb5
Na6 28. d6 Bc6 29. Nd5 1-0

[Event "Open Marianske Lazne 2015 - B2 - mistro"]
[Site "Marianske Lazne CZE"]
[Date "2015.01.21"]
[Round "6.1"]
[White "Varitski, Igor"]
[Black "Burnett, Andrew"]
[Result "1-0"]
[WhiteElo "2225"]
[BlackElo "2274"]
[PlyCount "103"]
[EventDate "2015.01.17"]
[EventType "tourn"]
[EventRounds "9"]
[EventCountry "CZE"]
[EventCategory "1"]
[Source "lmi"]
[SourceDate "2015.01.17"]

1. e4 c5 2. c3 d6 3. d4 Nf6 4. Bd3 cxd4 5. cxd4 e5 6. Nf3 Bg4 7. Qa4+ Nfd7 8.
Nbd2 Nc6 9. h3 Bxf3 10. Nxf3 exd4 11. Bb5 Qb6 12. Bxc6 bxc6 13. Nxd4 Rc8 14.
O-O Nc5 15. Qc2 Ne6 16. Nf5 g6 17. Qc3 Rg8 18. Re1 Qc5 19. Qd3 gxf5 20. exf5
Kd7 21. fxe6+ fxe6 22. Qxh7+ Be7 23. Qe4 Qd5 24. Bd2 Bf6 25. Bc3 Qxe4 26. Rxe4
d5 27. Ra4 Bxc3 28. Rxa7+ Kd6 29. bxc3 e5 30. Re1 Rb8 31. Rh7 e4 32. c4 Rb2 33.
cxd5 cxd5 34. Rh6+ Kc5 35. Rc1+ Kb5 36. Rd6 Rg5 37. g4 Rxa2 38. Rd8 Kb6 39.
Rb8+ Ka7 40. Rb5 Re5 41. Rc3 Ka6 42. Rcb3 e3 43. Rb6+ Ka5 44. fxe3 Rxe3 45.
Rxe3 Kxb6 46. g5 Kc5 47. g6 d4 48. Rg3 Ra8 49. h4 Kd5 50. g7 Rg8 51. h5 Ke4 52.
Kf2 1-0

[Event "Open Marianske Lazne 2015 - B2 - mistro"]
[Site "Marianske Lazne CZE"]
[Date "2015.01.21"]
[Round "6.2"]
[White "Nayhebaver, Martin"]
[Black "Menezes, Christoph"]
[Result "0-1"]
[WhiteElo "2338"]
[BlackElo "2296"]
[PlyCount "90"]
[EventDate "2015.01.17"]
[EventType "tourn"]
[EventRounds "9"]
[EventCountry "CZE"]
[EventCategory "1"]
[Source "lmi"]
[SourceDate "2015.01.17"]

1. e4 c5 2. Nf3 d6 3. d4 cxd4 4. Nxd4 Nf6 5. Nc3 a6 6. Be3 e5 7. Nf3 Qc7 8. a4
Be7 9. Be2 O-O 10. O-O Nbd7 11. Bg5 h6 12. Bh4 g5 13. Bg3 Nc5 14. Nd2 Be6 15.
Re1 Qc6 16. Bf1 Rac8 17. Ra3 Ncd7 18. Ra1 Bd8 19. Nb3 Bb6 20. a5 Ba7 21. Qd2
Nh5 22. Rad1 f5 23. exf5 Rxf5 24. Kh1 Nxg3+ 25. fxg3 Rcf8 26. g4 Rf4 27. Qd3
Kg7 28. Be2 Bb8 29. h3 Nf6 30. Bf3 d5 31. Ne2 Rc4 32. Qe3 Qc7 33. g3 Rxc2 34.
Rc1 Rxc1 35. Rxc1 Qf7 36. Nc5 Bc8 37. Bg2 Bxg4 38. Ng1 Bc8 39. Rf1 Qe7 40. Nf3
Nh5 41. Nd2 e4 42. Qd4+ Be5 43. Qxd5 Nxg3+ 44. Kg1 Nxf1 45. Nxf1 Rd8 0-1

[Event "Open Marianske Lazne 2015 - B2 - mistro"]
[Site "Marianske Lazne CZE"]
[Date "2015.01.21"]
[Round "6.3"]
[White "Grishchenko, Sergey"]
[Black "Asadli, Vugar"]
[Result "1/2-1/2"]
[WhiteElo "2417"]
[BlackElo "2127"]
[PlyCount "38"]
[EventDate "2015.01.17"]
[EventType "tourn"]
[EventRounds "9"]
[EventCountry "CZE"]
[EventCategory "1"]
[Source "lmi"]
[SourceDate "2015.01.17"]

1. d4 g6 2. c4 Bg7 3. e4 d6 4. Nc3 Nc6 5. Be3 e5 6. d5 Nce7 7. g4 f5 8. gxf5
gxf5 9. Qh5+ Kf8 10. Bh3 Nf6 11. Qf3 f4 12. Bd2 Kf7 13. O-O-O Rg8 14. c5 a6 15.
Kb1 Bxh3 16. Qxh3 Qd7 17. Qxd7 Nxd7 18. cxd6 cxd6 19. Nf3 Bf6 1/2-1/2

[Event "Open Marianske Lazne 2015 - B2 - mistro"]
[Site "Marianske Lazne CZE"]
[Date "2015.01.21"]
[Round "6.4"]
[White "Piotrowski, Przemyslaw"]
[Black "Kulkarni, Bhakti"]
[Result "1-0"]
[WhiteElo "2191"]
[BlackElo "2292"]
[PlyCount "73"]
[EventDate "2015.01.17"]
[EventType "tourn"]
[EventRounds "9"]
[EventCountry "CZE"]
[EventCategory "1"]
[Source "lmi"]
[SourceDate "2015.01.17"]

1. d4 g6 2. Nf3 Bg7 3. g3 Nf6 4. Bg2 O-O 5. c4 d6 6. O-O Nbd7 7. Nc3 a6 8. e4
e5 9. h3 exd4 10. Nxd4 Rb8 11. Be3 Re8 12. Re1 Ne5 13. b3 c5 14. Nc2 b5 15.
cxb5 axb5 16. f4 Ned7 17. Qxd6 b4 18. e5 Rb6 19. Qd1 bxc3 20. exf6 Rxf6 21. Qd5
Rfe6 22. Rad1 Qc7 23. Bf2 Bf6 24. Kh2 R8e7 25. Rxe6 Rxe6 26. Re1 Rd6 27. Re8+
Kg7 28. Rxc8 Rxd5 29. Rxc7 Rd2 30. Be3 Rxc2 31. Rxd7 Re2 32. Bxc5 Rxa2 33. Rc7
Rb2 34. Ba3 Ra2 35. Bb4 Rc2 36. Bd6 Rb2 37. Be5 1-0